000
00299 a2200121 4500
000
nam a22 7a 4500
005
20260207134449.0
020
_a
9789392516818
100
_a
DP Singh
_9
1114357
245
_a
Jambhudweep ka Vaidik Samaj
260
_b
University Publication
_c
2023
942
_c
TEXL
999
_c
1678901
_d
1678901